[Event "Stuttgarter Stadtmeisterschaft A"]
[Site "Ditzingen"]
[Date "2015.05.15"]
[Round "4.8"]
[White "Gibicar, Danijel"]
[Black "Bergauz, Noam"]
[Result "1/2-1/2"]
[WhiteElo "2233"]
[BlackElo "2296"]
[PlyCount "48"]
[EventDate "2015.??.??"]
[WhiteTeam "SK Bebenhausen"]
[BlackTeam "SK München Südost"]

1. e4 e6 2. d4 d5 3. Nc3 Bb4 4. e5 Ne7 5. a3 Bxc3+ 6. bxc3 b6 7. h4 c5 8. Bb5+
Bd7 9. Bd3 Qc7 10. Nf3 Nbc6 11. O-O h6 12. h5 c4 13. Be2 O-O-O 14. a4 f6 15.
Ba3 Be8 16. exf6 Nf5 17. Nh2 gxf6 18. Bg4 Qf7 19. Bxf5 exf5 20. Re1 Qxh5 21.
Qxh5 Bxh5 22. Re6 Be8 23. Rxf6 Bd7 24. Bc1 Rde8 1/2-1/2

[Event "Stuttgarter Stadtmeisterschaft A"]
[Site "Ditzingen"]
[Date "2015.05.15"]
[Round "4.9"]
[White "Latzke, Boris Alexander"]
[Black "Cofman, Veaceslav"]
[Result "1-0"]
[WhiteElo "2265"]
[BlackElo "2145"]
[PlyCount "47"]
[EventDate "2015.??.??"]
[WhiteTeam "SK Bebenhausen"]
[BlackTeam "Karlsruher SF"]

1. d4 Nc6 2. d5 Ne5 3. e4 d6 4. f4 Ng6 5. Nf3 Nf6 6. Bd3 e6 7. dxe6 fxe6 8. O-O
e5 9. f5 Ne7 10. Nc3 Nc6 11. a3 Nd4 12. Nxd4 exd4 13. Ne2 c5 14. Nf4 Be7 15.
Bb5+ Kf7 16. Qf3 Kf8 17. Bc4 Bd7 18. g4 b5 19. Bxb5 Rb8 20. Bc4 g5 21. fxg6
Bxg4 22. g7+ Kxg7 23. Qxg4+ Nxg4 24. Nh5+ 1-0

[Event "Stuttgarter Stadtmeisterschaft A"]
[Site "Ditzingen"]
[Date "2015.05.15"]
[Round "4.10"]
[White "Gretz, Denis"]
[Black "Schulte, Torsten"]
[Result "1-0"]
[WhiteElo "2241"]
[BlackElo "2117"]
[PlyCount "73"]
[EventDate "2015.??.??"]
[WhiteTeam "SK Königsbrunn"]
[BlackTeam "SC Eppingen"]

1. e4 e5 2. Nf3 Nc6 3. Bc4 Bc5 4. c3 Nf6 5. d3 d6 6. Nbd2 Be6 7. O-O O-O 8. Re1
Qd7 9. Bb3 Rad8 10. Nf1 h6 11. Ba4 Bb6 12. d4 exd4 13. cxd4 d5 14. Ne5 Qe8 15.
Nxc6 bxc6 16. e5 Nh7 17. Ng3 f5 18. Ne2 g5 19. f4 Bd7 20. Be3 Qg6 21. Rc1 Rfe8
22. Qc2 Re6 23. Rf1 g4 24. Ng3 Rf8 25. Rfd1 Kh8 26. Rd3 h5 27. b4 h4 28. Nf1
Qe8 29. Rc3 Qe7 30. a3 a5 31. Bxc6 Bxc6 32. Rxc6 Rxc6 33. Qxc6 axb4 34. axb4
Qxb4 35. Qxd5 Qa3 36. e6 Qe7 37. Qe5+ 1-0

[Event "Stuttgarter Stadtmeisterschaft A"]
[Site "Ditzingen"]
[Date "2015.05.15"]
[Round "4.11"]
[White "Montigel, Philipp"]
[Black "Aring, Gerd"]
[Result "1/2-1/2"]
[WhiteElo "2117"]
[BlackElo "2209"]
[PlyCount "56"]
[EventDate "2015.??.??"]
[WhiteTeam "SV Stuttgart-Wolfbusch"]
[BlackTeam "SV Nürtingen"]

1. f4 Nf6 2. Nf3 d5 3. g3 g6 4. Bg2 Bg7 5. O-O O-O 6. d3 b6 7. c3 Bb7 8. a4 a5
9. Na3 Nbd7 10. Ne5 e6 11. Nb5 Ne8 12. Nxd7 Qxd7 13. e4 Rd8 14. e5 Ba6 15. Nd4
c5 16. Nf3 Nc7 17. Qc2 d4 18. c4 Bb7 19. Bd2 Na6 20. Rae1 Nb8 21. b3 Nc6 22.
Ng5 Ne7 23. Bxb7 Qxb7 24. Ne4 f5 25. Ng5 Qd7 26. Qd1 h6 27. Nf3 Kf7 28. h4 h5
1/2-1/2

[Event "Stuttgarter Stadtmeisterschaft A"]
[Site "Ditzingen"]
[Date "2015.05.15"]
[Round "4.12"]
[White "Braun, Joachim"]
[Black "Zymberi, Agron"]
[Result "1-0"]
[WhiteElo "2177"]
[BlackElo "2089"]
[PlyCount "161"]
[EventDate "2015.??.??"]
[WhiteTeam "SF Birkenfeld"]
[BlackTeam "SC Villingen"]

1. e4 d5 2. exd5 Qxd5 3. Nc3 Qd6 4. d4 Nf6 5. Nge2 g6 6. Bf4 Qb6 7. Qd2 c6 8.
O-O-O h5 9. Kb1 Nbd7 10. Nc1 Bg7 11. Bc4 O-O 12. Bh6 Re8 13. Bxg7 Kxg7 14. Rhe1
Qb4 15. Qe2 b5 16. Bb3 e6 17. Nd3 Qd6 18. Qf3 Nb6 19. Ne5 Rf8 20. Ne4 Nxe4 21.
Rxe4 Nd5 22. c3 a5 23. Bc2 a4 24. a3 f5 25. Rh4 Rh8 26. Qg3 Ne7 27. Qf4 Qd8 28.
Qg5 Qf8 29. Qg3 Qf6 30. Nf3 Ra7 31. Re1 Nd5 32. Bd1 f4 33. Qg5 Rf7 34. Re5 Qxg5
35. Nxg5 Rf6 36. Bf3 Bd7 37. Bxd5 cxd5 38. f3 Bc8 39. g3 Rhf8 40. Kc2 fxg3 41.
hxg3 Rf5 42. Rxf5 exf5 43. f4 Re8 44. Kd2 Bd7 45. Rh2 Kf6 46. Re2 Rxe2+ 47.
Kxe2 Be8 48. Kf3 Bd7 49. Kg2 h4 50. gxh4 Bc6 51. Nf3 Bd7 52. Ne5 Be8 53. Kg3
Kg7 54. Nd3 Bd7 55. Nb4 Be6 56. Kh3 Kf6 57. Nc2 Kg7 58. Ne3 Kh6 59. Nf1 Kg7 60.
h5 gxh5 61. Kh4 Kg6 62. Ng3 Bf7 63. Nxh5 Be6 64. Ng3 Kh6 65. Nf1 Kg6 66. Nd2
Bd7 67. b3 Be8 68. bxa4 bxa4 69. c4 dxc4 70. Nxc4 Kf6 71. Nb6 Bb5 72. Nd5+ Kg6
73. Nc3 Bc6 74. d5 Bd7 75. Kg3 Kh5 76. Kf3 Kh4 77. Ne2 Kh5 78. Ke3 Kg4 79. Nd4
Kh5 80. Ne6 Bb5 81. Nc5 1-0

[Event "Stuttgarter Stadtmeisterschaft A"]
[Site "Ditzingen"]
[Date "2015.05.15"]
[Round "4.13"]
[White "Maj, Kornel"]
[Black "Khadempour, Farhad"]
[Result "0-1"]
[WhiteElo "2073"]
[BlackElo "2139"]
[PlyCount "70"]
[EventDate "2015.??.??"]
[WhiteTeam "Stuttgarter SF"]
[BlackTeam "SV Tübingen"]

1. e4 c6 2. d4 d5 3. e5 Bf5 4. Nc3 e6 5. g4 Bg6 6. Nge2 Ne7 7. Nf4 Nd7 8. Be3
Qc7 9. h4 h6 10. Nxg6 Nxg6 11. h5 Ne7 12. Qd2 a6 13. Ne2 c5 14. c3 Nc6 15. f4
Na5 16. Ng3 cxd4 17. Bxd4 Be7 18. O-O-O Nb6 19. Qf2 Nd7 20. Kb1 O-O-O 21. Bd3
Nc5 22. Rhe1 Rd7 23. Bc2 Nc4 24. Nf1 b5 25. Nd2 Qc6 26. f5 Rb7 27. Nb3 Na4 28.
f6 gxf6 29. exf6 Bd6 30. Bd3 Naxb2 31. Nc5 Nxd1 32. Rxd1 Rc7 33. Bxc4 bxc4 34.
Nxe6 fxe6 35. f7 Rf8 0-1

[Event "Stuttgarter Stadtmeisterschaft A"]
[Site "Ditzingen"]
[Date "2015.05.15"]
[Round "4.14"]
[White "Gibicar, Marc"]
[Black "Debus, Alfred"]
[Result "1-0"]
[WhiteElo "1938"]
[BlackElo "2143"]
[PlyCount "99"]
[EventDate "2015.??.??"]
[WhiteTeam "Spvgg Böblingen"]
[BlackTeam "SK Marburg"]

1. d4 d5 2. Nf3 c6 3. g3 Nf6 4. Bg2 Bf5 5. O-O e6 6. c4 Bd6 7. Nc3 Nbd7 8. Nh4
Bg6 9. Nxg6 hxg6 10. Bg5 Be7 11. cxd5 exd5 12. Qd3 O-O 13. Rad1 Re8 14. Rfe1
Nb6 15. b3 Bb4 16. f3 Qd7 17. Kh1 Nh7 18. Bd2 Rad8 19. a3 Bxa3 20. Ra1 Bb2 21.
Rxa7 Ra8 22. Rxa8 Rxa8 23. Na4 Nxa4 24. bxa4 c5 25. dxc5 Rxa4 26. Rb1 Ba3 27.
Rb5 Rc4 28. Qb3 Bxc5 29. Rxb7 Qe6 30. Bf1 Bf8 31. e4 Rc5 32. Be3 Ra5 33. exd5
Qxd5 34. Qxd5 Rxd5 35. Bc4 Rd1+ 36. Kg2 Rd8 37. Bxf7+ Kh8 38. Bxg6 Ba3 39. Rb3
Be7 40. Bxh7 Kxh7 41. h4 Bf6 42. Kh3 Ra8 43. g4 Rc8 44. g5 Ba1 45. Kg4 Rc4+ 46.
f4 Rc7 47. h5 g6 48. hxg6+ Kxg6 49. Rb6+ Kg7 50. Ra6 1-0

[Event "Stuttgarter Stadtmeisterschaft A"]
[Site "Ditzingen"]
[Date "2015.05.15"]
[Round "4.15"]
[White "Schnepel, Thomas"]
[Black "Zikeli, Saskia"]
[Result "0-1"]
[WhiteElo "1930"]
[BlackElo "2134"]
[PlyCount "110"]
[EventDate "2015.??.??"]
[WhiteTeam "SC Pforzheim"]
[BlackTeam "SC Ingersheim"]

1. e4 c5 2. Nf3 d6 3. d4 cxd4 4. Nxd4 Nf6 5. Nc3 a6 6. Bc4 e6 7. f4 b5 8. Bd3
Nbd7 9. Qe2 Qc7 10. O-O Bb7 11. Kh1 Be7 12. Bd2 g6 13. Rae1 b4 14. Nd1 e5 15.
Nf3 Qc5 16. Nf2 O-O 17. f5 Rac8 18. Be3 Qc6 19. Bh6 Rfe8 20. b3 Nc5 21. fxg6
hxg6 22. Ng5 Nxd3 23. cxd3 Nh5 24. Qf3 f6 25. Ngh3 Kh7 26. Rc1 Qd7 27. Bd2 d5
28. Qe3 g5 29. Qf3 Kg6 30. Ng4 Qe6 31. Ne3 dxe4 32. dxe4 Rxc1 33. Rxc1 Rd8 34.
Rc2 Ng7 35. Nf2 Rd7 36. h3 a5 37. Nfg4 Rd4 38. Nf2 Qd7 39. Be1 Bd8 40. Rc4 Ba6
41. Rxd4 Qxd4 42. Nd5 Bb7 43. h4 Bxd5 44. exd5 Qxh4+ 45. Kg1 Nf5 46. Qd3 Qd4
47. Qb5 Nd6 48. Qd7 Qb6 49. Kf1 Qc7 50. Qe6 Nf7 51. Nd3 Qd6 52. Qe8 Kg7 53. Qc6
Bb6 54. Nf2 Qxc6 55. dxc6 Nd8 0-1

[Event "Stuttgarter Stadtmeisterschaft A"]
[Site "Ditzingen"]
[Date "2015.05.15"]
[Round "4.16"]
[White "Issaad, Pascal"]
[Black "Schmidt, Tobias"]
[Result "1/2-1/2"]
[WhiteElo "1845"]
[BlackElo "2122"]
[PlyCount "147"]
[EventDate "2015.??.??"]
[WhiteTeam "SV Stuttgart-Wolfbusch"]
[BlackTeam "SC Erdmannhausen"]

1. Nf3 d5 2. b4 Nf6 3. Bb2 c6 4. e3 Bg4 5. h3 Bh5 6. Be2 Nbd7 7. d4 Qb6 8. a3
a5 9. c3 e6 10. O-O Be7 11. Nbd2 O-O 12. Nb3 axb4 13. cxb4 Ne4 14. Ne5 Nxe5 15.
dxe5 Bxe2 16. Qxe2 c5 17. Nxc5 Nxc5 18. bxc5 Bxc5 19. Rfc1 Ra4 20. Rc3 Qa7 21.
Qb5 b6 22. Kh2 Ra8 23. Rac1 g6 24. Qe2 Qa6 25. Qf3 Rf8 26. Qf6 Qb5 27. R3c2 Qd3
28. Rc3 Qe4 29. f3 Qf5 30. g4 Qxf6 31. exf6 h6 32. Kg3 Kh7 33. h4 Bd6+ 34. Kg2
h5 35. gxh5 Rxh4 36. hxg6+ Kxg6 37. Rh1 Rxh1 38. Kxh1 Be5 39. Rb3 Bxb2 40. Rxb2
Rc8 41. Kg2 Rc3 42. Kf2 Rxa3 43. Rxb6 Kxf6 44. Rb7 Ra2+ 45. Kg3 Re2 46. Rb3 Kf5
47. Ra3 Rd2 48. Ra4 Re2 49. Ra3 e5 50. Rb3 e4 51. Ra3 Ke5 52. Rb3 f6 53. Ra3
Rd2 54. Ra8 Rd3 55. Re8+ Kf5 56. fxe4+ dxe4 57. Kf2 Rd2+ 58. Ke1 Ra2 59. Kf1
Ra6 60. Kf2 Ra5 61. Re7 Re5 62. Rg7 Ke6 63. Ke2 Rd5 64. Rg8 Rd7 65. Rh8 f5 66.
Rg8 Re7 67. Rh8 Ke5 68. Rd8 Kf6 69. Ra8 Rg7 70. Kf2 Kg5 71. Rb8 Kg4 72. Rc8 Rg5
73. Rd8 f4 74. Re8 1/2-1/2

[Event "Stuttgarter Stadtmeisterschaft A"]
[Site "Ditzingen"]
[Date "2015.05.15"]
[Round "4.17"]
[White "Bräuner, Uwe"]
[Black "Enneking, Hermann"]
[Result "1-0"]
[WhiteElo "2185"]
[BlackElo "1881"]
[PlyCount "69"]
[EventDate "2015.??.??"]
[WhiteTeam "SF Pfullingen"]
[BlackTeam "TSV Schönaich"]

1. e4 c5 2. Nf3 Nc6 3. Bb5 e6 4. c3 Nge7 5. O-O g6 6. Re1 Bg7 7. d3 O-O 8. Be3
b6 9. Qc1 Ne5 10. Nxe5 Bxe5 11. Bh6 Bg7 12. Bxg7 Kxg7 13. f4 d5 14. Nd2 a6 15.
Ba4 dxe4 16. dxe4 Bb7 17. Nf3 Qc7 18. Qe3 Rad8 19. Ne5 b5 20. Bc2 f6 21. Nd3 c4
22. Nc5 Bc8 23. b4 f5 24. g3 Nc6 25. a4 e5 26. exf5 exf4 27. Qxf4 Qxf4 28. gxf4
Rd2 29. Be4 Ne7 30. axb5 axb5 31. Ra7 Rf7 32. Ne6+ Kf6 33. Ng5 Rg7 34. Bb1 gxf5
35. Ra6+ 1-0

[Event "Stuttgarter Stadtmeisterschaft A"]
[Site "Ditzingen"]
[Date "2015.05.15"]
[Round "4.18"]
[White "Pfeifer, Wilfried"]
[Black "Denisow, Jewgeny"]
[Result "1/2-1/2"]
[WhiteElo "2007"]
[BlackElo "2170"]
[PlyCount "105"]
[EventDate "2015.??.??"]
[WhiteTeam "TSF Ditzingen"]
[BlackTeam "SG Schwäbisch Gmünd"]

1. Nf3 b5 2. b3 Bb7 3. e3 a6 4. c4 bxc4 5. bxc4 e6 6. Bb2 Nf6 7. Be2 Be7 8. O-O
O-O 9. d3 Nc6 10. Nbd2 d5 11. Ne5 Nd7 12. f4 Ndxe5 13. fxe5 d4 14. exd4 Nxd4
15. Bf3 Nxf3+ 16. Nxf3 Qd7 17. d4 c5 18. dxc5 Bxc5+ 19. Kh1 Qc6 20. Qe2 Rac8
21. Rac1 a5 22. Nd2 Be3 23. Rf3 Bh6 24. Rd3 Rfd8 25. Rcc3 Qxg2+ 26. Qxg2 Bxg2+
27. Kxg2 Bxd2 28. Rxd8+ Rxd8 29. Rc2 Kf8 30. Ba3+ Bb4 31. Bxb4+ axb4 32. Rb2
Rb8 33. a3 b3 34. Kf3 Rc8 35. Rxb3 Rxc4 36. Rb8+ Ke7 37. Rb7+ Ke8 38. Rb8+ Kd7
39. Rf8 Ke7 40. Ra8 Rc7 41. a4 Kd7 42. Rh8 Kc6 43. Rxh7 g6 44. Kf4 Kd5 45. a5
g5+ 46. Kxg5 Kxe5 47. a6 Ra7 48. h4 f6+ 49. Kg6 Rxa6 50. h5 Ra1 51. Re7 Rh1 52.
Kf7 Rxh5 53. Rxe6+ 1/2-1/2

[Event "Stuttgarter Stadtmeisterschaft A"]
[Site "Ditzingen"]
[Date "2015.05.15"]
[Round "4.19"]
[White "Flick, Antoine"]
[Black "Müller, Anja"]
[Result "1-0"]
[WhiteElo "2167"]
[BlackElo "1975"]
[PlyCount "75"]
[EventDate "2015.??.??"]
[BlackTeam "SC Ingersheim"]

1. d4 Nf6 2. Nf3 g6 3. c4 Bg7 4. Nc3 d6 5. e4 O-O 6. h3 Nc6 7. d5 Nb8 8. Be3 c5
9. Qd2 Re8 10. Bd3 Nbd7 11. O-O a6 12. a4 b6 13. Bh6 Bh8 14. Ng5 Ne5 15. Bc2
Bg7 16. Bxg7 Kxg7 17. f4 Ned7 18. Qe3 h6 19. Nf3 e5 20. dxe6 Rxe6 21. e5 Ng8
22. Nd5 Bb7 23. Qc3 Kf8 24. Bd3 dxe5 25. fxe5 Ne7 26. Nf4 Bxf3 27. Nxe6+ fxe6
28. Rxf3+ Kg7 29. Be4 Rb8 30. Rf6 Nf8 31. Raf1 Nf5 32. Bxf5 exf5 33. Rd6 Qe7
34. e6+ Kg8 35. Qe5 Rb7 36. Rfd1 Kh7 37. Qd5 Kg7 38. Qxb7 1-0

[Event "Stuttgarter Stadtmeisterschaft A"]
[Site "Ditzingen"]
[Date "2015.05.15"]
[Round "4.20"]
[White "Bergner, Philipp"]
[Black "Pelezki, Eugen"]
[Result "1-0"]
[WhiteElo "2149"]
[BlackElo "2010"]
[PlyCount "51"]
[EventDate "2015.??.??"]
[WhiteTeam "SK Bebenhausen"]
[BlackTeam "SV Wendlingen"]

1. d4 Nf6 2. Nf3 e6 3. Bf4 d5 4. Nbd2 Be7 5. e3 Nbd7 6. Ne5 Nb6 7. Bd3 Bd7 8.
Bg3 a6 9. Qe2 c5 10. c3 Rc8 11. f4 cxd4 12. exd4 Na4 13. Ndf3 Qb6 14. Nxd7 Nxd7
15. Rb1 O-O 16. Qc2 e5 17. Qxa4 exf4 18. Qxd7 Qh6 19. Bf2 g5 20. O-O Bd6 21.
Qf5 g4 22. Qxg4+ Kh8 23. Qh4 Qg7 24. Qg5 Rg8 25. Qxg7+ Rxg7 26. Bh4 1-0

[Event "Stuttgarter Stadtmeisterschaft A"]
[Site "Ditzingen"]
[Date "2015.05.15"]
[Round "4.21"]
[White "Kessler, Andreas"]
[Black "Notz, Lukas"]
[Result "1-0"]
[WhiteElo "2141"]
[BlackElo "1849"]
[PlyCount "111"]
[EventDate "2015.??.??"]
[BlackTeam "SV Dettingen Erms"]

1. e4 c6 2. d4 d5 3. Nc3 dxe4 4. Nxe4 Bf5 5. Ng3 Bg6 6. Nf3 Nd7 7. Bc4 Ngf6 8.
Qe2 e6 9. O-O Nd5 10. Bb3 Bd6 11. Ne5 O-O 12. Nxg6 hxg6 13. Ne4 Bf4 14. Bxf4
Nxf4 15. Qg4 Qc7 16. Ng5 Nf6 17. Qf3 Rad8 18. Rad1 N4d5 19. g3 a5 20. Rfe1 Nh7
21. Ne4 Ndf6 22. c3 Nxe4 23. Qxe4 Nf6 24. Qe5 Qxe5 25. Rxe5 b6 26. h3 Rd6 27.
Kg2 Rfd8 28. Rde1 Nd5 29. Bd1 c5 30. dxc5 bxc5 31. Bf3 Kf8 32. a3 Ke7 33. c4
Nf6 34. Rxc5 Rd2 35. b4 axb4 36. axb4 Rb2 37. b5 Rdd2 38. Rf1 e5 39. Rxe5+ Kd6
40. Rg5 Nd7 41. Rd5+ Rxd5 42. Bxd5 Ne5 43. Rd1 Kc5 44. Kg1 f6 45. Be6 Rc2 46.
Rd8 Nxc4 47. Bxc4 Rxc4 48. Rd7 Kxb5 49. Rxg7 g5 50. Kg2 Rc6 51. Kf3 Kc4 52. Kg4
Kd5 53. Kf5 Rc2 54. Kxf6 Rxf2+ 55. Kxg5 Ke6 56. g4 1-0

[Event "Stuttgarter Stadtmeisterschaft A"]
[Site "Ditzingen"]
[Date "2015.05.15"]
[Round "4.22"]
[White "Weber, Klaus"]
[Black "Stoll, Katja"]
[Result "1-0"]
[WhiteElo "2113"]
[BlackElo "1818"]
[PlyCount "69"]
[EventDate "2015.??.??"]
[WhiteTeam "SV Tübingen"]
[BlackTeam "SC Weiße Dame Ulm"]

1. e4 e5 2. Bc4 Nc6 3. Nc3 Bc5 4. d3 h6 5. Nge2 Nge7 6. O-O O-O 7. Kh1 Na5 8.
f4 Nxc4 9. dxc4 exf4 10. Nxf4 Nc6 11. Nd3 Bd4 12. Nd5 d6 13. c3 Be5 14. Qh5 Be6
15. Bf4 Bxf4 16. Rxf4 Qg5 17. Qxg5 hxg5 18. Rf3 Bxd5 19. cxd5 Ne5 20. Nxe5 dxe5
21. c4 Rad8 22. Rb3 b6 23. g4 f6 24. a4 Kf7 25. a5 Ke7 26. axb6 axb6 27. Ra7
Kd6 28. Rba3 Rc8 29. b4 Rh8 30. Kg2 Rh4 31. h3 Rh6 32. R3a6 Kd7 33. Rxb6 Rch8
34. d6 Rxh3 35. Rxc7+ 1-0

[Event "Stuttgarter Stadtmeisterschaft A"]
[Site "Ditzingen"]
[Date "2015.05.15"]
[Round "4.23"]
[White "Weber, Sandra"]
[Black "Höglauer, Patrick"]
[Result "0-1"]
[WhiteElo "1862"]
[BlackElo "2079"]
[PlyCount "120"]
[EventDate "2015.??.??"]
[WhiteTeam "SC Neckarsulm"]
[BlackTeam "SV Backnang"]

1. e4 c6 2. d4 d5 3. Nc3 dxe4 4. Nxe4 Bf5 5. Ng3 Bg6 6. h4 h6 7. Nf3 Nd7 8. h5
Bh7 9. Bd3 Bxd3 10. Qxd3 e6 11. Bd2 Ngf6 12. Qe2 Be7 13. O-O-O O-O 14. Ne5 c5
15. Be3 Qa5 16. Kb1 Nxe5 17. dxe5 Nd5 18. Bd2 Qc7 19. c4 Nb4 20. f4 Nc6 21. Be3
Rfd8 22. Ne4 Nd4 23. Bxd4 cxd4 24. Qd3 Rac8 25. Rc1 a6 26. c5 Rd5 27. Nd6 Rd8
28. Qa3 Bf8 29. Rhd1 b6 30. Qxa6 bxc5 31. Nc4 Rb8 32. Rd3 Qd8 33. Qa5 Qh4 34.
Qc7 Rdd8 35. g3 Qxh5 36. Ka1 Rbc8 37. Qa5 Qe2 38. Rcd1 Ra8 39. Qc7 Qc2 40. Na3
Qa4 41. Qb7 c4 42. Rxd4 Rxd4 43. Rxd4 Bxa3 44. bxa3 Qxa3 45. Qb2 Qxg3 46. Rxc4
h5 47. Qc1 h4 48. Rc3 Qf2 49. a3 Qd4 50. Ka2 Qd5+ 51. Ka1 Qg2 52. f5 exf5 53.
Rc8+ Kh7 54. Rxa8 Qxa8 55. Ka2 Qd5+ 56. Kb1 Qxe5 57. Qf1 Qe4+ 58. Kb2 Qg4 59.
Kb3 h3 60. a4 Qg2 0-1

[Event "Stuttgarter Stadtmeisterschaft A"]
[Site "Ditzingen"]
[Date "2015.05.15"]
[Round "4.24"]
[White "Keller, Harald"]
[Black "Imhof, Thomas"]
[Result "1-0"]
[WhiteElo "2049"]
[BlackElo "1938"]
[PlyCount "71"]
[EventDate "2015.??.??"]
[WhiteTeam "SV Rottweil"]
[BlackTeam "SGem Vaihingen-Rohr"]

1. e4 c5 2. Nc3 Nc6 3. g3 g6 4. Bg2 Bg7 5. d3 e6 6. f4 Nge7 7. Nf3 d5 8. O-O
O-O 9. h4 dxe4 10. Nxe4 Nf5 11. Kh2 b6 12. Qe1 Bb7 13. g4 Nfd4 14. Nxd4 Nxd4
15. Qf2 f5 16. c3 fxe4 17. cxd4 Bxd4 18. Qg3 Qc7 19. dxe4 c4 20. Rb1 b5 21. Bd2
a5 22. Bc3 Rad8 23. Rbd1 Bxc3 24. Rxd8 Rxd8 25. Qxc3 Rd3 26. Qf6 Qf7 27. Qe5
Qd7 28. h5 gxh5 29. gxh5 b4 30. Rg1 Rd2 31. Kh1 Qc6 32. Bh3+ Kf7 33. Qg7+ Ke8
34. Qg8+ Ke7 35. Rg7+ Kd6 36. Qf8# 1-0

[Event "Stuttgarter Stadtmeisterschaft A"]
[Site "Ditzingen"]
[Date "2015.05.15"]
[Round "4.25"]
[White "Ruff, Robert"]
[Black "Baumann, Arend"]
[Result "1/2-1/2"]
[WhiteElo "1821"]
[BlackElo "2028"]
[PlyCount "48"]
[EventDate "2015.??.??"]
[WhiteTeam "SK Sachsenheim"]
[BlackTeam "SGem Vaihingen-Rohr"]

1. d4 d5 2. c4 c6 3. Nf3 Nf6 4. Nc3 e6 5. Bg5 Nbd7 6. cxd5 exd5 7. Qc2 Bb4 8.
a3 Be7 9. e3 O-O 10. Bd3 Re8 11. O-O h6 12. Bh4 Ne4 13. Bxe7 Qxe7 14. Rab1 Ng5
15. Nd2 Nf6 16. b4 Qd6 17. f4 Ng4 18. Rbe1 Bd7 19. Nd1 Ne6 20. h3 Nf6 21. Nc3
a6 22. Na4 a5 23. Nc5 axb4 24. axb4 b6 1/2-1/2

[Event "Stuttgarter Stadtmeisterschaft A"]
[Site "Ditzingen"]
[Date "2015.05.15"]
[Round "4.26"]
[White "Schuster, Gerhard"]
[Black "Doll, Michael"]
[Result "1/2-1/2"]
[WhiteElo "1997"]
[BlackElo "2182"]
[PlyCount "83"]
[EventDate "2015.??.??"]
[WhiteTeam "SC Feuerbach"]
[BlackTeam "SV Nürtingen"]

1. e4 e6 2. d4 d5 3. Nc3 Bb4 4. e5 c5 5. a3 Bxc3+ 6. bxc3 Qc7 7. Nf3 b6 8. Bb5+
Bd7 9. Bd3 Ba4 10. O-O c4 11. Be2 Ne7 12. Ng5 h6 13. Nh3 Nbc6 14. f4 O-O-O 15.
Be3 Rdg8 16. Bg4 Nd8 17. Bf2 Bd7 18. Bh4 Ndc6 19. Qe2 Kb7 20. Nf2 Nf5 21. Bxf5
exf5 22. Nd1 Be6 23. Ne3 g5 24. Bg3 Ne7 25. a4 Qd7 26. a5 Ng6 27. Qf2 g4 28.
Bh4 Nxh4 29. Qxh4 h5 30. g3 Qd8 31. Ng2 Qxh4 32. Nxh4 b5 33. Rfb1 Kc6 34. Kf2
Rb8 35. Rb4 Rb7 36. Rab1 Rhb8 37. Rh1 Rh8 38. Ng2 Rbb8 39. Rhb1 Rh6 40. Nh4 Bd7
41. Ke3 Kc7 42. Ra1 1/2-1/2

[Event "Stuttgarter Stadtmeisterschaft A"]
[Site "Ditzingen"]
[Date "2015.05.15"]
[Round "4.27"]
[White "Gerstenberger, Heinz"]
[Black "Boyens, Birger"]
[Result "1-0"]
[WhiteElo "2129"]
[BlackElo "1997"]
[PlyCount "65"]
[EventDate "2015.??.??"]
[WhiteTeam "Stuttgarter SF"]
[BlackTeam "Husumer SV"]

1. b3 c5 2. Bb2 Nc6 3. Nf3 d6 4. d4 cxd4 5. Nxd4 Bd7 6. c4 Nxd4 7. Qxd4 e5 8.
Qd2 Nf6 9. Nc3 a5 10. e3 Be7 11. Be2 Bc6 12. O-O O-O 13. Rfd1 Qb6 14. Rab1 Nd7
15. Ba3 Nc5 16. Nd5 Bxd5 17. Qxd5 Qc7 18. Bf3 Rab8 19. Bxc5 dxc5 20. Qd7 Rfc8
21. Rd5 Bf6 22. Qf5 Qb6 23. Rd7 g6 24. Qh3 a4 25. Bd5 Rf8 26. Qf3 axb3 27. Rxb3
Qa5 28. h4 Kg7 29. h5 Qxa2 30. Rb6 Bg5 31. Rxf7+ Rxf7 32. Qxf7+ Kh8 33. Rxb7
1-0

[Event "Stuttgarter Stadtmeisterschaft A"]
[Site "Ditzingen"]
[Date "2015.05.15"]
[Round "4.28"]
[White "Klaus, Dominik"]
[Black "Schwab, Matthias"]
[Result "0-1"]
[WhiteElo "1991"]
[BlackElo "2106"]
[PlyCount "100"]
[EventDate "2015.??.??"]
[WhiteTeam "Ssg Fils-Lauter"]
[BlackTeam "SC Böblingen"]

1. d4 Nf6 2. c4 g6 3. Nf3 Bg7 4. Nc3 O-O 5. e4 d6 6. h3 e5 7. dxe5 dxe5 8. Qxd8
Rxd8 9. Bg5 Re8 10. Be2 c6 11. Nh2 Nfd7 12. O-O-O Na6 13. Rd2 Ndc5 14. Ng4 Bxg4
15. Bxg4 h5 16. Bd7 Red8 17. Rhd1 Rxd7 18. Rxd7 Nxd7 19. Rxd7 Nc5 20. Rd1 Ne6
21. Be3 Nd4 22. Bxd4 exd4 23. Na4 Re8 24. f3 f5 25. exf5 Re2 26. Nc5 b6 27. Ne6
Bh6+ 28. Kb1 c5 29. g4 gxf5 30. gxf5 Kf7 31. b4 Re5 32. Nd8+ Kf6 33. Rd3 Kxf5
34. Nc6 Re1+ 35. Kb2 Re2+ 36. Kb3 Re3 37. Kc2 Re2+ 38. Kb3 Kf4 39. b5 Re3 40.
Kc2 Kxf3 41. Nxa7 Ke4 42. Rd1 Rc3+ 43. Kb2 Rxc4 44. Re1+ Be3 45. Nc6 d3 46. a3
d2 47. Rd1 Rc1 48. Rxd2 Bxd2 49. Kb3 Rc3+ 50. Ka4 Bc1 0-1

[Event "Stuttgarter Stadtmeisterschaft A"]
[Site "Ditzingen"]
[Date "2015.05.15"]
[Round "4.29"]
[White "Stolz, Stephan"]
[Black "Unger, Franz"]
[Result "0-1"]
[WhiteElo "2086"]
[BlackElo "1985"]
[PlyCount "86"]
[EventDate "2015.??.??"]
[WhiteTeam "Stuttgarter SF"]
[BlackTeam "SK Sachsenheim"]

1. c4 c5 2. g3 Nf6 3. Bg2 d5 4. cxd5 Nxd5 5. Nc3 Nc7 6. Nf3 Nc6 7. O-O e5 8. d3
Be7 9. Be3 O-O 10. Rc1 Bd7 11. Nd2 Rc8 12. Nc4 f6 13. Ne4 b6 14. f4 Nd5 15. Bd2
Be6 16. fxe5 Nxe5 17. Nxe5 fxe5 18. Rxf8+ Qxf8 19. Qa4 a5 20. Rf1 Qd8 21. Nc3
Nf6 22. h3 c4 23. Qb5 Rc5 24. Qa6 Qd4+ 25. Kh2 cxd3 26. exd3 Rc8 27. Rxf6 Bxf6
28. Nd5 Rd8 29. Bc3 Qf2 30. Qxb6 Qxb6 31. Nxb6 Bxa2 32. Be4 Bb1 33. Nd5 a4 34.
Nb4 Rc8 35. Bc6 a3 36. bxa3 Bxd3 37. Be1 Bc4 38. Bf2 Be7 39. Nd5 Bxa3 40. Bd7
Rf8 41. Be6+ Kh8 42. Be3 Rf3 43. Bg4 Bxd5 0-1

[Event "Stuttgarter Stadtmeisterschaft A"]
[Site "Ditzingen"]
[Date "2015.05.15"]
[Round "4.30"]
[White "Baenziger, Fabian"]
[Black "Gehringer, Frank"]
[Result "1/2-1/2"]
[WhiteElo "1954"]
[BlackElo "2050"]
[PlyCount "35"]
[EventDate "2015.??.??"]
[BlackTeam "SC Leinfelden"]

1. e4 e5 2. Nf3 Nc6 3. Nc3 Nf6 4. Bb5 Nd4 5. Bc4 Bc5 6. d3 d6 7. Na4 Bb6 8.
Nxb6 axb6 9. c3 Ne6 10. Qe2 O-O 11. g3 Re8 12. Bg5 Nxg5 13. Nxg5 Re7 14. O-O-O
c6 15. h4 d5 16. Bb3 Bd7 17. Kb1 b5 18. Rde1 1/2-1/2

[Event "Stuttgarter Stadtmeisterschaft A"]
[Site "Ditzingen"]
[Date "2015.05.15"]
[Round "4.31"]
[White "Schönhof, Timo"]
[Black "Faulhaber, Rolf"]
[Result "1/2-1/2"]
[WhiteElo "1947"]
[BlackElo "2039"]
[PlyCount "59"]
[EventDate "2015.??.??"]
[WhiteTeam "C4 Chess Club"]
[BlackTeam "SK Tauberbischofsheim"]

1. e4 e6 2. d4 d5 3. Nc3 Bb4 4. e5 c5 5. Bd2 Ne7 6. Nb5 Bxd2+ 7. Qxd2 O-O 8. f4
Bd7 9. dxc5 Bxb5 10. Bxb5 a5 11. Nf3 Qc7 12. Qf2 Rc8 13. O-O-O Qxc5 14. Qxc5
Rxc5 15. a4 Nbc6 16. c3 Na7 17. Bd3 b5 18. axb5 Nxb5 19. Kd2 Rb8 20. Ra1 Nc6
21. Ke3 Nc7 22. Rhb1 f6 23. Nd4 fxe5 24. Nxc6 exf4+ 25. Kxf4 Rxc6 26. Rxa5 Rf8+
27. Ke3 e5 28. Rf1 Rxf1 29. Bxf1 Kf7 30. g3 1/2-1/2

[Event "Stuttgarter Stadtmeisterschaft A"]
[Site "Ditzingen"]
[Date "2015.05.15"]
[Round "4.32"]
[White "Quernheim, Daniel"]
[Black "Sand, Rolf"]
[Result "1-0"]
[WhiteElo "2029"]
[BlackElo "1969"]
[PlyCount "45"]
[EventDate "2015.??.??"]
[WhiteTeam "SC Botnang"]
[BlackTeam "SV Tübingen"]

1. d4 Nf6 2. c4 g6 3. f3 d5 4. cxd5 Nxd5 5. e4 Nb6 6. Nc3 Bg7 7. Be3 O-O 8. Qd2
Nc6 9. O-O-O Qd6 10. Nb5 Qd7 11. Kb1 a6 12. Na3 e5 13. d5 Nd4 14. f4 Nb5 15.
Nxb5 axb5 16. fxe5 Bxe5 17. Nf3 Bg7 18. Bd4 Nc4 19. Qc3 Bxd4 20. Nxd4 c6 21.
Bxc4 bxc4 22. dxc6 bxc6 23. Nf5 1-0